003300000a2200133000450000500170000024500270001726000360004430000120008049000540009204000080014636500110015465000130016565000180017820120302054852.0 a Shivcharitra-Saahitya aPune:Datto Waaman Potdaar,1934. a114,4p. aBharat Itihaas Sanshodhak Mandal Granthmaalaa-38. aMAR b1.30/- aCharitra aShiv-Charitra